000
00174 a2200097 4500
001
27986
100
_a
Taylor, J W R
245
_a
260
_a
_b
_c
090
_c
18694
_d
18694
942
_a
NUST-CAE
_c
_c
9662
999
_c
263059
_d
263059